Effect of antibotic on respiratory disease of fattening pig at bvb investment corp company in santuk district, kampong thom province, ប្រសិទ្ធភាព Antibiotic លើជំងឺរលាកផ្លូវដង្ហើមជ្រូកសាច់ នៅក្រុមហ៊ុន BVB investment corp នៅស្រុកសន្ទុក ខេត្តកំពង់ធំ (Record no. 7246)

000 -LEADER
fixed length control field 00782nam a22001337a 4500
040 ## - CATALOGING SOURCE
Transcribing agency RUA
082 ## - DEWEY DECIMAL CLASSIFICATION NUMBER
Classification number VEM PRA 2014 B442 Or.1
100 ## - MAIN ENTRY--AUTHOR NAME
Personal name PRANG PHEAK ; ប្រង់ ភាក់
245 ## - TITLE STATEMENT
Title Effect of antibotic on respiratory disease of fattening pig at bvb investment corp company in santuk district, kampong thom province, ប្រសិទ្ធភាព Antibiotic លើជំងឺរលាកផ្លូវដង្ហើមជ្រូកសាច់ នៅក្រុមហ៊ុន BVB investment corp នៅស្រុកសន្ទុក ខេត្តកំពង់ធំ
260 ## - PUBLICATION, DISTRIBUTION, ETC. (IMPRINT)
Place of publication Phnom Penh
Name of publisher RUA
Year of publication 2014
300 ## - PHYSICAL DESCRIPTION
Number of Pages x ;36p.
Other physical details ill.
Dimensions 29cm.
856 ## - ELECTRONIC LOCATION AND ACCESS
Uniform Resource Identifier https://drive.google.com/file/d/1wl-QUJP2PFwFaRXM3EFPkxFMYmUvOKpG/view?usp=sharing
942 ## - ADDED ENTRY ELEMENTS (KOHA)
Koha item type VEM
952 ## - LOCATION AND ITEM INFORMATION (KOHA)
Withdrawn status [LOCAL, KOHA] 0
952 ## - LOCATION AND ITEM INFORMATION (KOHA)
Withdrawn status [LOCAL, KOHA] 0
952 ## - LOCATION AND ITEM INFORMATION (KOHA)
Withdrawn status [LOCAL, KOHA] 0
952 ## - LOCATION AND ITEM INFORMATION (KOHA)
Withdrawn status [LOCAL, KOHA] 0
952 ## - LOCATION AND ITEM INFORMATION (KOHA)
Withdrawn status [LOCAL, KOHA] 0
952 ## - LOCATION AND ITEM INFORMATION (KOHA)
Withdrawn status [LOCAL, KOHA] 0
952 ## - LOCATION AND ITEM INFORMATION (KOHA)
Withdrawn status [LOCAL, KOHA] 0
952 ## - LOCATION AND ITEM INFORMATION (KOHA)
Withdrawn status [LOCAL, KOHA] 0
952 ## - LOCATION AND ITEM INFORMATION (KOHA)
Withdrawn status [LOCAL, KOHA] 0
952 ## - LOCATION AND ITEM INFORMATION (KOHA)
Withdrawn status [LOCAL, KOHA] 0
952 ## - LOCATION AND ITEM INFORMATION (KOHA)
Withdrawn status [LOCAL, KOHA] 0
Holdings
Permanent Location Date acquired Koha item type Lost status Shelving location Barcode Current Location Full call number
Library Block B2016-03-01VEM B442RUA053769Library Block BVEM PRA 2014 B442 Or.1
Library Block B2016-03-01VEM B442RUA053337Library Block BVEM PRA 2014 B442 Or.2
Library Block B2016-03-01VEM B442RUA053824Library Block BVEM PRA 2014 B442 Or.3
Library Block B2016-03-01VEM B442RUA052355Library Block BVEM PRA 2014 B442 Or.4
Library Block B2016-03-01VEM B442RUA053614Library Block BVEM PRA 2014 B442 Or.5
Library Block B2016-03-01VEM B442RUA053560Library Block BVEM PRA 2014 B442 Or.6
Library Block B2016-03-01VEM B442RUA053602Library Block BVEM PRA 2014 B442 Or.7
Library Block B2016-03-01VEM B442RUA053551Library Block BVEM PRA 2014 B442 Or.8
Library Block B2021-11-10VEM B690a065927Library Block BVEM PRA 2014 B690 Or.1
Library Block B2021-11-10VEM B690a065688Library Block BVEM PRA 2014 B690 Or.1
Library Block B2021-11-10VEM B690a065529Library Block BVEM PRA 2014 B690Or.1
មជ្ឈមណ្ឌលឯការនៃសាកលវិទ្យាល័យភូមិន្ទកសិកម្មចំការដូង

Powered by Koha